John the Baptist: (Record no. 5143)

000 -LEADER
fixed length control field 00742nam a2200217 a 4500
001 - CONTROL NUMBER
control field :::00002884$&:&@@
003 - CONTROL NUMBER IDENTIFIER
control field OkBaRHE
005 - DATE AND TIME OF LATEST TRANSACTION
control field 20000607103258.0
008 - FIXED-LENGTH DATA ELEMENTS--GENERAL INFORMATION
fixed length control field s1970 j 000 0 eng u
040 ## - CATALOGING SOURCE
Transcribing agency
100 1# - MAIN ENTRY--PERSONAL NAME
Personal name Lindsay, Gordon.
245 10 - TITLE STATEMENT
Title John the Baptist:
Remainder of title the forerunner.
260 ## - PUBLICATION, DISTRIBUTION, ETC. (IMPRINT)
Place of publication, distribution, etc Dallas, TX., :
Name of publisher, distributor, etc Christ for the Nations Publishing Co.
Date of publication, distribution, etc c1970
300 ## - PHYSICAL DESCRIPTION
Extent 32 p. ;
Dimensions 21 cm.
490 0# - SERIES STATEMENT
Series statement Life of Christ series.
650 ## - SUBJECT ADDED ENTRY--TOPICAL TERM
Topical term or geographic name as entry element Bible New Testament
General subdivision Biography
650 ## - SUBJECT ADDED ENTRY--TOPICAL TERM
Topical term or geographic name as entry element John, the Baptist
942 ## - ADDED ENTRY ELEMENTS (KOHA)
Source of classification or shelving scheme
Koha item type Books
Copies
Not for loan Withdrawn status Koha item type Source of classification or shelving scheme Permanent Location Date last seen Shelving location Date acquired Price effective from Copy number Full call number Lost status Barcode Damaged status
  Books RHEMA Bible Training College2018-03-16General Stacks2010-04-142010-04-141BS 2456 .L5 2884 
  Books RHEMA Bible Training College2018-03-16General Stacks2010-04-142010-04-142BS 2456 .L5 16833